=LDR 00000nam 2200000 4500 =001 INLIS000000000027809 =005 20130612130145 =008 ***********************************Ind** =035 ##$$0010-061300000027809 =041 ##$$a Ind =082 ##$$a 362.11 =090 ##$$a 362.11, Sab m =100 ##$$a Sabarguna, H Boy s =245 ##$$a Manajemen operasional rumah sakit, H Boy s Sabarguna =260 ##$$a 2005 $b Yogyakarta =300 ##$$a vii,95 hlm, ilus, 25 cm =650 ##$$a Manajemen Rumah sakit =850 ##$$a NBPNMAT